Guess the singer - Statistics

General Stats
  • This quiz has been taken 34 times
  • The average score is 7 of 20
Answer Stats
Picture Hint Answer % Correct
Mayhem Lady Gaga
93%
Man's Best Friend Sabrina Carpenter
86%
Debí Tirar Más Fotos Bad Bunny
83%
Virgin Lorde
62%
Can't Rush Greatness Central Cee
59%
So Close to What Tate McRae
59%
Midnight Sun Zara Larsson
45%
I'm Only F**king Myself Lola Young
38%
Fancy That Pinkpantheress
34%
The Art of Loving Olivia Dean
31%
Music Playboi Carti
28%
Bite Me Reneé Rapp
24%
EUSEXUA FKA Twigs
17%
Ego Death at a Bachelorette Party Hayley Williams
17%
I Quit (group name) Haim
10%
Sable, Fable Bon Iver
7%
Returning to Myself Brandi Carlile
7%
Snipe Hunter Tyler Childers
7%
Clams Casino Brian Dunne
3%
Who Did the Body Monaleo
3%
No matching quizzes found
Score Distribution
Percent of People with Each Score
Percentile by Number Answered
Your Score History
You have not taken this quiz